Sports Quiz

Random Sports Quiz

20+ HR of 2010 Quiz Stats

 Plays Quiz not verified by Sporcle

Challenge
Share
Tweet
Embed
Score 0/77 Timer 08:00
0 Plays Today
HR Player % Correct
42Albert Pujols
100%
38Miguel Cabrera
99.6%
38Adam Dunn
99.2%
37Joey Votto
99.2%
30Alex Rodriguez
99.2%
54Jose Bautista
98.8%
32Prince Fielder
98.8%
34Carlos Gonzalez
98%
33Mark Teixeira
98%
31Adrian Gonzalez
98%
31Ryan Howard
98%
39Paul Konerko
97.5%
25Ryan Braun
97.5%
32David Ortiz
97.1%
32Josh Hamilton
96.7%
33Dan Uggla
94.7%
27Jayson Werth
94.3%
29Robinson Cano
93%
32Mark Reynolds
92.6%
28Carlos Pena
92.2%
29David Wright
91.8%
25Alexei Ramirez
91.4%
21Hanley Ramirez
91.4%
29Nick Swisher
89.3%
28Matt Kemp
88.9%
27Chris Young
88.9%
21Michael Young
88.9%
21Delmon Young
88.9%
31Vernon Wells
88.1%
29Vladimir Guerrero
88.1%
28Matt Holliday
87.7%
28Adrian Beltre
87.3%
21Garrett Jones
87.3%
27Troy Tulowitzki
86.9%
24Carlos Lee
85.2%
22Evan Longoria
85.2%
26Aaron Hill
84%
26Aubrey Huff
84%
23Andre Ethier
82.8%
HR Player % Correct
31Corey Hart
81.1%
25Ryan Zimmerman
79.5%
24Curtis Granderson
78.7%
22J.D Drew
78.7%
22Nelson Cruz
77.5%
24Alfonso Soriano
77%
25Jim Thome
75.8%
29 Rickie Weeks
75%
23Torii Hunter
75%
25 Jay Bruce
73.8%
23Adam Lind
73%
25Hunter Pence
68.4%
20Scott Rolen
65.6%
22Shin-Soo Choo
65.2%
20Victor Martinez
65.2%
21Jason Kubel
64.3%
21Brian McCann
59.4%
25Russell Branyan
58.6%
27Luke Scott
58.2%
20Bobby Abreu
57%
26Carlos Quentin
56.1%
26Kelly Johnson
54.5%
22Drew Stubbs
48.8%
20Lyle Overbay
48.8%
25Adam LaRoche
48.4%
23Colby Rasmus
48.4%
21Alex Rios
48%
26Mike Napoli
46.3%
21Hideki Matsui
45.9%
23Casey McGehee
43.9%
24Juan Uribe
43.4%
20John Buck
41.8%
22Ty Wigginton
41%
23Alex Gonzalez
35.7%
22Mike Stanton
31.6%
21Edwin Encarnacion
29.9%
20Tyler Colvin
24.6%
20 Pat Burrell
24.6%

You're not logged in!

Compare scores with friends on all Sporcle quizzes.
OR
Log In

You Might Also Like...

Show Comments

Extras

Created Oct 8, 2010ReportNominate
Tags:2010, hit, player, team

Top Quizzes Today


Score Distribution

Your Account Isn't Verified!

In order to create a playlist on Sporcle, you need to verify the email address you used during registration. Go to your Sporcle Settings to finish the process.

Report this User

Report this user for behavior that violates our Community Guidelines.

Details: